|
|
|
|
| LEADER |
00000nab a2200000 a 4500 |
| 001 |
vtls000159662 |
| 003 |
SK-MaSNL |
| 005 |
20260303072908.0 |
| 008 |
140402c1983 xo 0 slo |
| 015 |
|
|
|a SNBRB19rr/mm-uuuuu
|
| 035 |
|
|
|a CL0169772
|
| 040 |
|
|
|a SNKBUCL
|b slo
|c SNKBUCL
|e AACR2
|
| 041 |
0 |
|
|a slo
|
| 044 |
|
|
|a xo
|c SK
|
| 080 |
|
|
|a 329.75
|2 1981
|
| 080 |
|
|
|a 329.78(437)PO SZM
|2 1981
|
| 100 |
1 |
|
|a -td-
|4 aut
|9 1073848
|
| 245 |
1 |
0 |
|a Pevný systém spolupráce
|c -td-
|
| 650 |
0 |
7 |
|a SZPB
|2 snkbucl
|9 922358
|
| 650 |
0 |
7 |
|a pionierska organizácia
|2 snkbucl
|9 53180
|
| 655 |
|
7 |
|a články z novín a časopisov
|2 snkbucl
|9 267496
|
| 773 |
0 |
|
|t Bojovník
|g Roč. 28, č. 16 (1983), s. 8
|
| 850 |
|
|
|a Slovenská národná knižnica v Martine
|a MTA001
|
| 852 |
|
|
|a SNK
|b KIS3GCP
|
| 958 |
|
|
|a RK
|
| 992 |
|
|
|a RBX
|
| 999 |
|
|
|c 1765166
|d 1767096
|